01011nam a2200301 i 4500001000300000003000400003005001700007008003900024015001700063020001500080020001500095040001400110041001300124080000800137080001200145100004800157245011200205246003500317260004200352300003500394504001300429655003000442650001300472710003400485700004200519700005000561856009800611bgBPK20230208105411.0980313s1996 pl a f f |001 0 pol aPB 1998/2525 a8301119063 a8301116226 aWA NcBPK1 apolheng a330 a(075.8)1 aSamuelson, Paul Anthonyd(1915-2009)eAutor10aEkonomia.n[T.] 2 /cPaul A. Samuelson, William D. Nordhaus ; przekł. [z ang.] Jacek Kochanowicz [et al.].1 iTyt. oryg.:aEconomics,f1965. aWarszawa :bWydaw. Naukowe PWN,c1996 a547, [1] s. :bwykr. ;c25 cm. aIndeksy. 4aPodręczniki akademickie 4aEkonomia2 aWydawnictwo Naukowe PWN4pbl.1 aNordhaus, William D.d(1941- )eAutor1 aKochanowicz, Jacekd(1946-2014)eTłumaczenie uhttp://koha.tu.koszalin.pl/cgi-bin/koha/opac-detail.pl?biblionumber=52926yKatalog online BPK